Νίκησε τις τοξικές σχέσεις : 21 μέρες για αρμονικές και υγιείς σχέσεις

Αποθηκεύτηκε σε:
Λεπτομέρειες βιβλιογραφικής εγγραφής
Κύριος συγγραφέας: Blique, Marion
Άλλοι συγγραφείς: Μπεζέ, Λουκία Α. (trlf), Corneau, Guy (Συγγραφέας εισαγωγής κ.λπ.)
Μορφή: Βιβλίο
Γλώσσα:Greek
French
Δημοσίευση: Αθήνα : Πεδίο, c2020.
Θέματα:
Ετικέτες: Προσθήκη ετικέτας
Δεν υπάρχουν, Καταχωρήστε ετικέτα πρώτοι!

MARC

LEADER 00000cam a2200000 a 4500
001 1/122016
008 200904s2020####gr | ||| |||| ||gre||
020 |a 9789606352102  
040 |a GR-MyUa  |b gre  |c GR-MyUa  |e AACR2 
041 1 |a gre  |h fre 
082 7 |a 155.5192   |2 (23) 
100 1 |a Blique, Marion. 
245 1 0 |a Νίκησε τις τοξικές σχέσεις :   |b 21 μέρες για αρμονικές και υγιείς σχέσεις /   |c Marion Blique ; πρόλογος: Guy Corneau ; μετάφραση: Λουκία Μπεζέ.  
260 |a Αθήνα :   |b Πεδίο,   |c c2020.  
300 |a 248 σ. :   |b εικ. ;   |c 21 εκ.  
500 |a Τίτλος πρωτοτύπου: J' arrete les relations toxiques !  
500 |a Ειδική έκδοση για την εφημερίδα Το Βήμα.  
504 |a Περιλαμβάνει βιβλιογραφικές παραπομπές.  
650 0 |a Interpersonal relations. 
650 0 |a Psychology  |x Handbooks. 
700 1 |a Μπεζέ, Λουκία Α.  |e trlf 
700 1 |a Corneau, Guy,  |e aui 
852 |a INST  |b RHODES  |e 20200904  |h 155.5192 BLI  |p 005400041694  |q 005400041694  |t BK  |y 0 
920 |a Βιβλιοθήκη Τράπεζας της Ελλάδος  |y Ρόδος  |z 2020-08 
970 |a Μαρία  |b Κωτάκου  |z 04-09-2020